The structure of art /
Uloženo v:
| Hlavní autor: | |
|---|---|
| Médium: | Neznámo |
| Jazyk: | English |
| Vydáno: |
New York :
G. Braziller,
[1971].
|
| Témata: | |
| Tagy: |
Přidat tag
Žádné tagy, Buďte první, kdo vytvoří štítek k tomuto záznamu!
|
MARC
| LEADER | 000000000a22000000004500 | ||
|---|---|---|---|
| 001 | 014474 | ||
| 020 | |a 0807605964 | ||
| 041 | 0 | |a eng | |
| 082 | 0 | 4 | |a 701.15 |b B966s |
| 100 | 1 | |a Burnham, Jack, |d 1931- | |
| 245 | 1 | 4 | |a The structure of art / |c Jack Burnham. |
| 260 | 1 | |a New York : |b G. Braziller, |c [1971]. | |
| 300 | |a xii, 195 páginas : |b ilustraciones, facsimilares | ||
| 650 | 4 | |a ARTE | |
| 650 | 4 | |a PSICOLOGIA | |
| 650 | 4 | |a FORMULARIO (ESTETICA) | |
| 500 | |a Colección George Yúdice | ||
| 999 | |c 20362 |d 20362 | ||
| 942 | |c BK |h 701.15 B966s |2 z | ||



